Phương trình bậc ba sinh bởi các yếu tố trong tam giác

Các kiến thức bổ trợ liên quan. Phương trình bậc ba của các yếu tố trong tam giác. Bất đẳng thức trong tam giác và nhận dạng tam giác. Các đẳng thức trong tam giác

Spremljeno u:
Bibliografski detalji
Glavni autor: Phạm Bình Nguyên
Daljnji autori: Nguyễn Văn Mậu GS.TSKH (Hướng dẫn)
Format: Knjiga
Jezik:Vietnamese
Izdano: Đà Nẵng Đại học Đà Nẵng 2011
Teme:
Oznake: Dodaj oznaku
Bez oznaka, Budi prvi tko označuje ovaj zapis!
Thư viện lưu trữ: Mạng thư viện Đại học Đà Nẵng
LEADER 01585nam a2200361 4500
001 000010348
003 6550
005 20111213081251.0
008 111213s2011 viesd
041 |a vie 
072 |a Luận văn Thạc sĩ khoa học 
082 |a 516  |b PH-N 
100 1 |a Phạm Bình Nguyên 
245 1 |a Phương trình bậc ba sinh bởi các yếu tố trong tam giác  |c Phạm Bình Nguyên 
260 |a Đà Nẵng  |b Đại học Đà Nẵng  |c 2011 
300 |a 99 tr  |c 29 cm  |e 1 tóm tắt, 1 đĩa CD 
500 |a Luận văn Thạc sĩ Khoa học. Chuyên ngành: Phương pháp toán sơ cấp. Mã số: 60.46.40 
520 |a Các kiến thức bổ trợ liên quan. Phương trình bậc ba của các yếu tố trong tam giác. Bất đẳng thức trong tam giác và nhận dạng tam giác. Các đẳng thức trong tam giác 
653 |a Các định lý cơ bản trong tam giác 
653 |a Luận văn Thạc sĩ toán sơ cấp 
653 |a Nhận dạng tam giác vuông 
653 |a Toán học 
700 1 |a Nguyễn Văn Mậu  |c GS.TSKH  |e Hướng dẫn 
OWN |a LSP 
AVA |a UDN50  |b LSP  |d 516 PH-N  |e available  |t Error 5001 Not defined in file expand_doc_bib_avail.  |f 1  |g 0  |h N  |i 0  |k 1 
999 |a From the UDN01 
AVA |a UDN50  |b LSP  |d 516 PH-N  |e available  |t Error 5001 Not defined in file expand_doc_bib_avail.  |f 1  |g 0  |h N  |i 0  |k 1 
TYP |a Monograph 
TYP |a Printed language 
980 |a Mạng thư viện Đại học Đà Nẵng